Chaos II

Αποθηκεύτηκε σε:
Λεπτομέρειες βιβλιογραφικής εγγραφής
Κύριος συγγραφέας: Hao, Bai-lin
Μορφή: Βιβλίο
Γλώσσα:English
Δημοσίευση: Teaneck, N.J. : World Scientific, 1990
Θέματα:
Ετικέτες: Προσθήκη ετικέτας
Δεν υπάρχουν, Καταχωρήστε ετικέτα πρώτοι!

MARC

LEADER 00000cam a2200000 i 4500
001 1/32566
008 941103s1990 eng d
020 |a 9810200951 
020 |a 981020096X 
035 |l 10039132 
035 |a 1991  |c ΣΕΙΜΕΝΗΣ 
040 |a GR-MY-UA  |b gre  |e aacr 
041 0 |a eng 
082 0 |a 515.352  |2 (20) 
100 1 |a Hao, Bai-lin. 
245 1 0 |a Chaos II /  |c Hao Bai-Lin 
246 3 3 |a Chaos 2 
246 3 3 |a Chaos two 
260 |a Teaneck, N.J. :   |b World Scientific,   |c 1990 
300 |a p. cm 
504 |a Includes bibliographical references (p. ) 
650 0 0 |a Chaotic behavior in systems. 
650 0 0 |a Mathematical physics. 
852 |a INST  |b SAMOS  |e 19941103  |h 515.352 HAO  |p 005300003952  |q 005300003952  |t BK  |y 0 
909 |a Σ  |b 020479